Sports Quiz

Random Sports or MLB Quiz
Score 0/187 Timer 18:00
8 Plays Today
Years Player % Correct
8Derek Jeter
94.3%
9Albert Pujols
93.2%
9Ichiro Suzuki
91.7%
6Alex Rodriguez
90.2%
2Ivan Rodriguez
89.7%
9Todd Helton
89.6%
6Chipper Jones
89.4%
1Andruw Jones
89%
2Jacque Jones
88.9%
7Manny Ramirez
87%
3Hanley Ramirez
86.7%
4Aramis Ramirez
86.7%
8Vladimir Guerrero
86.2%
5Barry Bonds
85.1%
4Miguel Cabrera
81.5%
1Orlando Cabrera
81%
1Asdrubal Cabrera
81%
1Adrian Gonzalez
76%
3Luis Gonzalez
76%
1Juan Gonzalez
75.9%
5David Wright
75.6%
2Chase Utley
74.1%
3Joe Mauer
73.7%
6Michael Young
71.7%
3Dmitri Young
71.4%
3David Ortiz
69.9%
1Ryan Howard
69.7%
5Matt Holliday
68.9%
7Magglio Ordonez
68.6%
4Lance Berkman
68%
5Carlos Lee
66.5%
3Derrek Lee
66.4%
2Carlos Beltran
66%
2Edgar Martinez
65.8%
4Victor Martinez
65.8%
2Justin Morneau
65.4%
1Jeff Bagwell
65.2%
1Ken Griffey
64.3%
4Johnny Damon
63.9%
5Miguel Tejada
62.5%
3Jason Giambi
61%
1Jim Thome
60.8%
1Joey Votto
60.2%
4Carl Crawford
59.9%
3Bernie Williams
58.1%
2Larry Walker
58%
1Jose Reyes
58%
3Carlos Delgado
57.9%
1Ryan Braun
57.5%
1Frank Thomas
56.8%
2Mike Piazza
56.4%
3Robinson Cano
55.8%
1Adrian Beltre
55%
1Josh Hamilton
54.4%
3Jeff Kent
53.9%
3Mark Teixeira
53.5%
2Sammy Sosa
53.4%
2Dustin Pedroia
52.9%
2Paul Konerko
52.3%
2Scott Rolen
51.7%
1Reed Johnson
51%
4Gary Sheffield
49.8%
2Garrett Anderson
49.3%
Years Player % Correct
3Jim Edmonds
49%
1Alfonso Soriano
49%
1Jason Bay
48.1%
1Jorge Posada
46.6%
4Nomar Garciaparra
46%
6Luis Castillo
44.9%
2Jermaine Dye
43.5%
4Brian Giles
42.5%
4Bobby Abreu
42.4%
1Marcus Giles
42.4%
2Vernon Wells
42.2%
4Placido Polanco
40.1%
1B.J. Upton
40%
1Justin Upton
40%
3Juan Pierre
38.4%
5Jose Vidro
38.3%
3Travis Hafner
38.1%
1Conor Jackson
37.6%
1Bret Boone
37.3%
1Mike Lowell
37.2%
1J.D. Drew
37.1%
4Mike Sweeney
37.1%
1Jack Wilson
36.6%
1Brian Roberts
36.3%
1Raul Ibanez
35.7%
3Edgar Renteria
35.6%
2Kevin Youkilis
35.1%
2Freddy Sanchez
34.5%
1Curtis Granderson
34.4%
1Javy Lopez
34.1%
1Felipe Lopez
34.1%
1Ian Kinsler
33.5%
1Jacoby Ellsbury
33.2%
2Roberto Alomar
32.6%
2Nick Markakis
31.5%
2Moises Alou
31.3%
1Hideki Matsui
30.5%
1Billy Butler
30%
1Melvin Mora
29.8%
1Deivi Cruz
29.6%
1Kenny Lofton
28.5%
2Aubrey Huff
27.5%
1Bill Mueller
27.3%
2John Olerud
27%
1Andre Ethier
26.7%
1Rafael Furcal
26.7%
2Carlos Guillen
26.6%
1Jose Guillen
26.6%
3Jason Kendall
26.4%
1Pablo Sandoval
25.8%
1Brian McCann
24.7%
1Chone Figgins
24.4%
1Darin Erstad
24.1%
1Andres Galarraga
24%
4Sean Casey
23.1%
4Shannon Stewart
22.1%
2Paul Lo Duca
22.1%
1Fred McGriff
21.8%
2Aaron Rowand
21.6%
2Scott Podsednik
20.4%
1Trot Nixon
19.9%
1Adam Lind
19.6%
1Rich Aurilia
19.5%
Years Player % Correct
1Jason Kubel
19.3%
1Will Clark
18.8%
1Brady Clark
18.8%
2A.J. Pierzynski
18.6%
2Richard Hidalgo
18.3%
1Coco Crisp
18%
2Phil Nevin
17.6%
1Milton Bradley
17%
2Garrett Atkins
17%
1Ryan Klesko
16.8%
2Lyle Overbay
16.7%
1Shin-Soo Choo
16.7%
1Geoff Jenkins
16.2%
1Hank Blalock
16.1%
1Ellis Burks
15.7%
1Cliff Floyd
15.5%
1Jeff Conine
15.1%
2Christian Guzman
15%
1Kendrys Morales
14.7%
1Denard Span
14.6%
2Mark Loretta
14%
1Tony Womack
13.6%
2Edgardo Alfonzo
13%
3Randy Winn
12.9%
1Jason Bartlett
12.5%
1Xavier Nady
12.3%
1Carl Everett
12.3%
1Adam Kennedy
12.3%
1David DeJesus
12%
1Marlon Byrd
11.7%
1Martin Prado
11.5%
1Ryan Theriot
10.9%
1Erick Aybar
10.7%
1Mike Lieberthal
10.6%
2Fernando Vina
10.3%
1Corey Koskie
9.9%
1Marquis Grissom
9.9%
1Nyjer Morgan
9.7%
1Gary Matthews
9.7%
1Shea Hillenbrand
9.2%
1Travis Fryman
9%
1Mark Grudzielanek
8.9%
1Bobby Higginson
8.7%
2Doug Mientkiewicz
8.3%
2Jeff Cirillo
7.5%
2Skip Schumaker
6.1%
1Joe Randa
6.1%
1Mark Kotsay
5.7%
1Matt Lawton
5.7%
1Jay Payton
4.8%
1David Segui
4.8%
1Chad Tracy
4.6%
1Junior Spivey
4.6%
1Johnny Estrada
4.3%
1Frank Catalanotto
4.3%
1Jeffrey Hammonds
4%
1Erubiel Durazo
4%
1Randall Simon
3.5%
1Chris Coghlan
3.4%
1Alberto Callaspo
3.2%
1Jamey Carroll
2.9%

You're not logged in!

Compare scores with friends on all Sporcle quizzes.
OR
Log In

Sporcle TV

Today on Sporcle TV


Watch our educational content, quiz creation guides, and fun videos on Sporcle TV.

Show Comments

Extras

Top Quizzes Today


Score Distribution

Paid Content

Your Account Isn't Verified!

In order to create a playlist on Sporcle, you need to verify the email address you used during registration. Go to your Sporcle Settings to finish the process.

Report this User

Report this user for behavior that violates our Community Guidelines.

Details: